000 00874nam a2200241 i 4500
001 71413
003 ES-MaACL
005 20250910211905.0
007 t|
008 040810s1971 sp ||||1| spa d
100 1 _aGeiger, Theodor.
_956217
245 1 3 _aLa estratificación social del pueblo alemán /
_cTheodor Geiger ; traducción de Diorki ; revisada por Enrique Martín López.
260 _a[Madrid :
_bFoessa,
_c1971]
300 _a256 p. ;
_c18 cm.
490 1 _aColección Fundación Foessa. Serie Síntesis ;
_v5
650 4 _aClases sociales-
_zAlemania-
_vHistoria.
_9168855
651 4 _aAlemania-
_xSituación social-
_yS.XX.
_9207042
700 1 _aMartín López, Enrique.
_977541
710 2 _aDiorki.
_93392
830 0 _aColección Fundación Foessa. Serie Síntesis
_v5
_9184027
852 _aES-MaACL
_jC-45422
_bR.78675
999 _c71413
_d71413